000 00638nam a2200181Ia 4500
008 090124s9999 xx 000 0 und d
082 _b6301
_a37
100 _aशैलजा व रमाकांत
245 _a तुम्हाला लग्न करायचं का ?
250 _a1
260 _c1942
300 _a288
600 _aशैलजा व रमाकांत
630 _a तुम्हाला लग्न करायचं का ?
700 _aशैलजा व रमाकांत
730 _a तुम्हाला लग्न करायचं का ?
942 _cBOOK
999 _c120242
_d120242